Intelligent Networking and Collaborative Systems 8th International Conference. 7-9 September 2016, Ostrava, Czech Republic

Salvato in:
Dettagli Bibliografici
Ente Autore: International Conference on Intelligent Networking and Collaborative Systems Ostrava (INCoS 2016)
Natura: Atti del Convegno Libro
Lingua:inglese
Pubblicazione: Piscataway IEEE, 2016
Edizione:1. vyd.
Tags: Aggiungi Tag
Nessun Tag, puoi essere il primo ad aggiungerne!!

MARC

LEADER 00000nam a22000003a 4500
001 0017117
003 SK-STU
005 20160914102225.0
007 ta
008 160914s ----xo-----e------100-0-----d
020 |a 978-1-5090-4124-4 
040 |a STU  |b slo 
041 0 |a eng 
044 |a xr 
111 2 |a International Conference on Intelligent Networking and Collaborative Systems  |n 8th  |d 7.-9.9.2016 :  |c Ostrava.  |e INCoS 2016 
245 1 0 |a Intelligent Networking and Collaborative Systems  |h [elektronický zdroj] :  |b 8th International Conference. 7-9 September 2016, Ostrava, Czech Republic 
250 |a 1. vyd. 
260 |b IEEE,  |c 2016  |a Piscataway 
300 |a 1 CD-ROM 
996 |b 284M084549  |c M* CD-2599  |l MMKN  |s A  |a 24  |w 0017117_0001